[Event "Torch Real Estate Cup"]
[Site "Wuxi CHN"]
[Date "2005.05.09"]
[Round "8"]
[White "Zhang Pengxiang"]
[Black "Wen Yang"]
[Result "1-0"]
[WhiteElo "2583"]
[BlackElo "2327"]

1.e4 c5 2.Nf3 Nc6 3.Bb5 g6 4.O-O Bg7 5.c3 e5 6.Re1 Nge7 7.d3 O-O 8.Nbd2 d6
9.Nf1 h6 10.Ne3 f5 11.h3 Kh8 12.a3 f4 13.Nd5 Nxd5 14.exd5 Ne7 15.Bc4 Bd7
16.b4 cxb4 17.axb4 Qc8 18.b5 a6 19.b6 Bxh3 20.gxh3 Qxh3 21.d4 Qg4+ 22.Kh1 Qh3+
23.Nh2 Qxc3 24.Ra4 Rac8 25.Ba2 Nf5 26.Bb1 Nh4 27.dxe5 Qh3 28.Qg4 Qxg4 29.Nxg4 Nf3
30.Rd1 h5 31.Nh2 Nxe5 32.Rxf4 Rxf4 33.Bxf4 Rc4 34.Bxe5 Bxe5 35.Nf3 Bb2 36.Bxg6 a5
37.Rb1 Bf6 38.Rb5 Rc1+ 39.Kg2 Bc3 40.Rb1  1-0

[Event "Capablanca Mem Premier 2"]
[Site "Havana CUB"]
[Date "2005.05.10"]
[Round "5"]
[White "Perez,Or"]
[Black "Corrales,Fi"]
[Result "1-0"]
[WhiteElo "2439"]
[BlackElo "2501"]

1.e4 c5 2.Nf3 Nc6 3.Bb5 g6 4.O-O Bg7 5.c3 Nf6 6.Qa4 O-O 7.d4 cxd4 8.cxd4 d5
9.e5 Nd7 10.Bxc6 Nb6 11.Qa5 bxc6 12.b3 Nd7 13.Qxd8 Rxd8 14.Nc3 c5 15.Re1 cxd4
16.Nxd5 Bf8 17.e6 Bb7 18.exf7+ Kxf7 19.Ng5+ Kg8 20.Nc7 Rab8 21.Nce6 Rdc8
22.Bf4 Ra8 23.Rad1 Bh6 24.h4 Rc3 25.Rxd4 Nf8 26.Nxf8 Bxf8 27.Ne6 Bc6 28.Rd2 Be8
29.Bg5 Rac8 30.Nxf8 Rc1 31.Re2 Rxe1+ 32.Rxe1 Kxf8 33.Rxe7 h6 34.Rxa7 hxg5
35.hxg5 Rc5 36.a4 Rxg5 37.f3 Rc5 38.b4 Rd5 39.Kf2 Bd7 40.b5 Ke7 41.b6 Kd6
42.a5 Rb5 43.b7 Bc6 44.a6 Ke5 45.Kg3 Kf5 46.Ra8 Bxb7 47.axb7 Rxb7 48.Ra5+ Kf6
49.Kg4 Rb4+ 50.f4 Rb2 51.g3 Rb3 52.Kh4 Rf3 53.Ra7 Ke6 54.g4 Rxf4 55.Kg5 Rb4
56.Rg7 Ra4 57.Rxg6+ Kf7 58.Kh6 Ra1 59.Rg7+ Kf8 60.g5 Ra6+ 61.Kh7 Ra5 62.Rg8+ Ke7
63.g6 Rh5+ 64.Kg7 Rh1 65.Ra8 Rh2 66.Ra1 Rg2 67.Re1+ Kd7 68.Kf7 Rf2+ 69.Kg8 Rg2
70.g7 Rg3 71.Rh1 Ke7  1-0

[Event "Huila Centenary"]
[Site "Neiva COL"]
[Date "2005.05.10"]
[Round "1"]
[White "Cuartas,Ja"]
[Black "Gutierrez,JA"]
[Result "1/2-1/2"]
[WhiteElo "2447"]
[BlackElo "2290"]

1.e4 c5 2.Nf3 Nc6 3.Bb5 g6 4.O-O Bg7 5.Re1 Nf6 6.e5 Nd5 7.Nc3 Nc7 8.Bxc6 dxc6
9.Ne4 b6 10.Nf6+ Kf8 11.Ne4 Bg4 12.d3 h6 13.Ned2 Qd5 14.h3 Bxf3 15.Qxf3 Ne6
16.Qxd5 cxd5 17.Nf3 Kg8 18.c3 Kh7 19.Bd2 Rhc8 20.Rad1 b5 21.d4 c4 22.a3 a5
23.Ra1 a4 24.Nh2 Rg8 25.f4 Nd8 26.g4  1/2-1/2

[Event "ch-LTU"]
[Site "Siauliai LTU"]
[Date "2005.05.10"]
[Round "4"]
[White "Novikov,Vi"]
[Black "Sarakauskas,G"]
[Result "0-1"]
[WhiteElo "2338"]
[BlackElo "2431"]

1.e4 c5 2.Nf3 Nc6 3.Bb5 g6 4.Bxc6 bxc6 5.d3 Bg7 6.Nc3 d6 7.h3 e5 8.Be3 Ne7
9.Qd2 h6 10.Nh2 Rb8 11.Rb1 f5 12.f4 exf4 13.Bxf4 g5 14.Be3 f4 15.Bf2 O-O
16.O-O Ng6 17.d4 cxd4 18.Bxd4 Ne5 19.Nf3 Qe7 20.b3 h5 21.Na4 g4 22.Nxe5 Bxe5
23.Bxe5 dxe5 24.hxg4 hxg4 25.g3 Ba6 26.c4 Rbd8 27.Qe2 Qg5 28.Rbd1 Rxd1 29.Qxd1 Rd8
30.Qc1 Rd3 31.gxf4 Rg3+ 32.Kf2 exf4 33.Rh1 Rf3+ 34.Kg2 Rh3 35.Qe1 f3+ 36.Kg1 Rxh1+
37.Kxh1 g3  0-1

[Event "Complete Chess Match"]
[Site "Maastricht NED"]
[Date "2005.05.11"]
[Round "2"]
[White "Stellwagen,D"]
[Black "Van Wely,L"]
[Result "1/2-1/2"]
[WhiteElo "2532"]
[BlackElo "2687"]

1.e4 c5 2.Nf3 Nc6 3.Bb5 g6 4.O-O Bg7 5.Re1 e5 6.Bxc6 dxc6 7.d3 Qe7 8.Nbd2 Nf6
9.Nc4 Nd7 10.Bd2 O-O 11.a3 Rd8 12.Bc3 f6 13.Qc1 Nf8 14.b4 Be6 15.Na5 cxb4
16.axb4 Bf7 17.Qb2 Ne6 18.Bd2 Rac8 19.Be3 b6 20.Nc4 c5 21.bxc5 Nxc5 22.Bxc5 Rxc5
23.Ne3 Rd7 24.Ra3 Qd8 25.c4 b5 26.cxb5 Qb8 27.Rb1 Rb7 28.Ra5 a6 29.Qa1 Rcxb5
30.Rbxb5 Rxb5 31.Nd2 Rxa5 32.Qxa5 Qb5 33.Qd8+ Qe8 34.Qa5 Qb5 35.Qd8+ Qe8
36.Qa5 Qb5  1/2-1/2

[Event "Huila Centenary"]
[Site "Neiva COL"]
[Date "2005.05.11"]
[Round "2"]
[White "Vittorino,C"]
[Black "Polo,VR"]
[Result "1-0"]
[WhiteElo "2332"]
[BlackElo "2235"]

1.e4 c5 2.Nf3 Nc6 3.Bb5 d6 4.O-O Bd7 5.Re1 Nf6 6.c3 a6 7.Ba4 b5 8.Bc2 e5
9.d3 g6 10.Nbd2 Bg7 11.Nf1 O-O 12.Ng3 Qc7 13.h3 d5 14.Bg5 Be6 15.Nh2 Ne8
16.a4 Rc8 17.axb5 axb5 18.exd5 Bxd5 19.Be3 Nd8 20.Bb3 Qc6 21.Bxd5 Qxd5 22.Ra5 Nd6
23.Ne4 N8b7 24.Qf3 Nxe4 25.dxe4 Qc6 26.Ra7 Nd6 27.Bc1 f5 28.exf5 Qxf3 29.Nxf3 e4
30.Ng5 gxf5 31.Rd1 Ne8 32.Rdd7 Rf6 33.Bf4 h6 34.Nf7 Bf8  1-0

[Event "FSIM May"]
[Site "Budapest HUN"]
[Date "2005.05.12"]
[Round "6"]
[White "Werner,Di"]
[Black "Niemi,K"]
[Result "1/2-1/2"]
[WhiteElo "2334"]
[BlackElo "2247"]

1.e4 c5 2.Nf3 Nc6 3.Bb5 Nf6 4.Qe2 g6 5.O-O Bg7 6.c3 O-O 7.d3 d6 8.h3 e5 9.a3 Bd7
10.Bc4 h6 11.b4 Nh5 12.Kh2 Nf4 13.Qd1 g5 14.Ng1 Kh7 15.g3 Ng6 16.bxc5 dxc5
17.Be3 b6 18.Nd2 Qe7 19.Bd5 Rad8 20.Nb3 Qd6 21.Bc4 f5 22.exf5 Bxf5 23.Qh5 Nf4
24.gxf4 exf4 25.Bxc5 bxc5 26.Nf3 Qg6 27.Qxg6+ Kxg6 28.Nxc5  1/2-1/2

[Event "Huila Centenary"]
[Site "Neiva COL"]
[Date "2005.05.12"]
[Round "4"]
[White "Garcia,Gild"]
[Black "Minaya,J"]
[Result "1-0"]
[WhiteElo "2452"]
[BlackElo "2236"]

1.e4 c5 2.Nf3 Nc6 3.Bb5 Na5 4.c3 a6 5.Ba4 c4 6.Bc2 e6 7.Qe2 Nf6 8.b4 cxb3
9.axb3 b5 10.b4 Nc6 11.d4 d5 12.e5 Nd7 13.Ng5 Nb6 14.O-O Ra7 15.f4 g6 16.Nd2 h6
17.Ngf3 Be7 18.Nb3 Nc4 19.Bd3 Kf8 20.Ra2 Kg7 21.g4 h5 22.f5 exf5 23.gxf5 gxf5
24.Kh1 Kf8 25.Qg2 Rg8 26.Bh6+  1-0

[Event "Huila Centenary"]
[Site "Neiva COL"]
[Date "2005.05.12"]
[Round "5"]
[White "Fierro Baquero,M"]
[Black "Lopez,CM CUB"]
[Result "1/2-1/2"]
[WhiteElo "2353"]
[BlackElo "2324"]

1.e4 c5 2.Nf3 Nc6 3.Bb5 e6 4.O-O Nge7 5.Re1 a6 6.Bf1 d5 7.exd5 Nxd5 8.d4 Be7
9.c4 Nf6 10.dxc5 Qxd1 11.Rxd1 Bxc5 12.Nc3 Bd7 13.Bg5 O-O-O 14.a3 h6 15.Bc1 e5
16.b4 Bd4 17.Nxd4 Nxd4 18.Be3 Nc2 19.Bb6 Nxa1 20.Bxd8 Rxd8 21.Rxa1 Bf5 22.Re1 e4
23.g4 Bxg4 24.Nxe4 Nxe4 25.Rxe4 Be6 26.Be2 Rd2 27.Kg2 Kc7 28.Kg3 Rc2 29.h4 g5
30.hxg5 hxg5 31.c5 a5 32.Re5 Rc3+ 33.Re3 axb4 34.axb4 Rxe3+ 35.fxe3 f5 36.Bd3 Kd7
37.Kf2  1/2-1/2

[Event "ch-LTU"]
[Site "Siauliai LTU"]
[Date "2005.05.12"]
[Round "6"]
[White "Novikov,Vi"]
[Black "Narmontas,M"]
[Result "1/2-1/2"]
[WhiteElo "2338"]
[BlackElo "2189"]

1.e4 c5 2.Nf3 Nc6 3.Bb5 g6 4.Bxc6 dxc6 5.d3 Bg7 6.h3 e5 7.Nc3 Ne7 8.Be3 b6
9.Qd2 h6 10.O-O-O Be6 11.Ng1 Qc7 12.f4 c4 13.Nf3 cxd3 14.cxd3 f6 15.fxe5 fxe5
16.d4 O-O-O 17.Qe2 g5 18.dxe5 Bxe5 19.Nxe5 Qxe5 20.Qa6+ Kb8 21.Bxb6 axb6
22.Qxb6+ Kc8  1/2-1/2

[Event "ch-LTU"]
[Site "Siauliai LTU"]
[Date "2005.05.12"]
[Round "6"]
[White "Sulskis,S"]
[Black "Dambrauskas,V"]
[Result "1-0"]
[WhiteElo "2545"]
[BlackElo "2318"]

1.e4 c5 2.Nf3 Nc6 3.Bb5 Na5 4.d4 a6 5.Bd3 cxd4 6.Nxd4 b5 7.O-O Bb7 8.Qe2 Qc7
9.b3 Nc6 10.Nxc6 Bxc6 11.a4 bxa4 12.Nc3 axb3 13.Nd5 Bxd5 14.exd5 Nf6 15.cxb3 e6
16.dxe6 fxe6 17.Bb2 Be7 18.Be5 Qb6 19.g4 Bd6 20.g5 Bxe5 21.Qxe5 Qxb3 22.Qg3 Qb2
23.Rab1 Qd4 24.gxf6 Qxf6 25.Rb7 Rd8 26.Bxa6 O-O 27.Rd1 Rf7 28.Bf1 d5 29.Rxf7 Qxf7
30.Bh3 Qe7 31.Re1 Rd6 32.Qe5 Kf7 33.Re3 Rb6 34.Qh5+ Kg8 35.Qxd5 exd5 36.Rxe7 Rd6
37.Rd7 Rxd7 38.Bxd7 Kf7 39.Bf5 g6 40.Bc2 Kf6 41.Kg2 Ke5 42.Kf3 Kd4 43.Ba4 Kd3
44.h4 d4 45.Bb5+ Kd2 46.h5 gxh5 47.Kg3 Kc3 48.f4 Kb4 49.Bd3 Kc3 50.Bxh7 Kc4
51.Kh4  1-0

[Event "Torch Real Estate Cup"]
[Site "Wuxi CHN"]
[Date "2005.05.12"]
[Round "11"]
[White "Xu Hanbing"]
[Black "Du Shan"]
[Result "1-0"]
[WhiteElo "2290"]
[BlackElo "2399"]

1.e4 c5 2.Nf3 Nc6 3.Bb5 g6 4.O-O Bg7 5.c3 Nf6 6.Qa4 O-O 7.d4 cxd4 8.cxd4 Qc7
9.Nc3 d6 10.Bg5 e6 11.Rac1 Qb8 12.d5 Ne5 13.Nxe5 dxe5 14.Rfd1 a6 15.Be2 b5
16.Qb4 Bd7 17.dxe6 Bxe6 18.Nd5 Nxd5 19.exd5 Bd7 20.d6 f6 21.Rc7 Ra7 22.Qc5 Rxc7
23.dxc7 Qc8 24.Be3 Rf7 25.Bf3 Bf8 26.Qb6 Re7 27.Bb7 Qe8 28.Qxf6 Bc8 29.Bd5+ Be6
30.Bxe6+ Rxe6 31.Rd8 Qc6 32.Rxf8+  1-0

[Event "ch-LAT w"]
[Site "Riga LAT"]
[Date "2005.05.14"]
[Round "2"]
[White "Berzina,I"]
[Black "Vilerte,T"]
[Result "1/2-1/2"]
[WhiteElo "2295"]
[BlackElo "2230"]

1.e4 c5 2.Nf3 Nc6 3.Bb5 e6 4.Bxc6 bxc6 5.O-O d5 6.d3 Nf6 7.Qe2 Be7 8.c4 O-O
9.b3 Nd7 10.Bb2 Bf6 11.Nc3 Nb6 12.Rac1 Re8 13.Ba3 Be7 14.Ne5 Qc7 15.f4 d4
16.Nb1 Bd6 17.Nd2 f6 18.Nef3 Bxf4 19.Bxc5 Bxd2 20.Qxd2 e5 21.Nh4 Nd7 22.Ba3 Nf8
23.Rf2 c5 24.b4 cxb4 25.Bxb4 a5 26.Ba3 Be6 27.Rb1 Reb8 28.Rff1 Nd7 29.Qc2 Rxb1
30.Rxb1 Rb8 31.Nf3 Kf7 32.Nd2 g6 33.h3 Rxb1+ 34.Qxb1 Qb6 35.Qc2 Nc5 36.Kf2 Bd7
37.Bxc5 Qxc5 38.Nb3 Qb4 39.c5 a4 40.Nc1 Bc6 41.Ne2 h5 42.g4 hxg4 43.hxg4 a3
44.Qc1 Ke7 45.Qh6  1/2-1/2

[Event "Torch Real Estate Cup"]
[Site "Wuxi CHN"]
[Date "2005.05.14"]
[Round "13"]
[White "Xu Yuhua"]
[Black "Ning Chunhong"]
[Result "1-0"]
[WhiteElo "2478"]
[BlackElo "2363"]

1.e4 c5 2.Nf3 Nc6 3.Bb5 d6 4.O-O Bd7 5.Re1 Nf6 6.a3 a6 7.Bf1 Bg4 8.d3 e6
9.Nbd2 d5 10.h3 Bh5 11.Qe2 Be7 12.g4 Bg6 13.Nh4 dxe4 14.dxe4 Nd7 15.Ng2 e5
16.Ne3 O-O 17.Nd5 Bg5 18.Bg2 Ne7 19.Ne3 f6 20.Rd1 Qc7 21.Ndf1 Rfd8 22.Nd5 Nxd5
23.exd5 Bxc1 24.Raxc1 Nb6 25.c4 Nc8 26.h4 Nd6 27.h5 Bf7 28.Ne3 Re8 29.Qf3 Rad8
30.Nf5 Nxf5 31.Qxf5 Qd6 32.Be4 g6 33.Qf3 f5 34.hxg6 Bxg6 35.gxf5 Bf7 36.f6 Kh8
37.Kh1 Rg8 38.Rg1 Rd7 39.Qh3 Be8 40.Rxg8+ Kxg8 41.Rg1+ Kh8 42.Qh6  1-0

[Event "Torch Real Estate Cup"]
[Site "Wuxi CHN"]
[Date "2005.05.14"]
[Round "13"]
[White "Wen Yang"]
[Black "Zhang Ziyang"]
[Result "1/2-1/2"]
[WhiteElo "2327"]
[BlackElo "2209"]

1.e4 c5 2.Nf3 Nc6 3.Bb5 g6 4.O-O Bg7 5.Re1 e5 6.Bxc6 dxc6 7.d3 Bg4 8.Nbd2 Nf6
9.Nc4 Bxf3 10.Qxf3 Qe7 11.a4 b6 12.Be3 O-O 13.a5 b5 14.Nd2 a6 15.Qe2 Nd7
16.f3 Rfd8 17.Qf2 Rab8 18.Kh1 Rb7 19.Rf1 Bf6 20.Nb3 c4 21.dxc4 bxc4 22.Nd2 Rxb2
23.Nxc4 Rb4 24.Nb6 Bg5 25.Bxg5 Qxg5  1/2-1/2

[Event "Victory Cup"]
[Site "Alushta UKR"]
[Date "2005.05.15"]
[Round "4"]
[White "Annaberdyev,Bay"]
[Black "Zinchenko,Ya"]
[Result "0-1"]
[WhiteElo "2335"]
[BlackElo "2460"]

1.e4 c5 2.Nf3 Nc6 3.Bb5 e6 4.O-O Nge7 5.Re1 Nd4 6.Bf1 Nec6 7.c3 Nxf3+ 8.Qxf3 g6
9.Na3 Bg7 10.Nc4 O-O 11.Nd6 Qc7 12.Nxc8 Raxc8 13.d3 f5 14.exf5 Rxf5 15.Qe2 Rcf8
16.Be3 b6 17.Rad1 Ne7 18.g3 Nd5 19.Bg2 Qd6 20.Rf1 Ne7 21.d4 cxd4 22.Bxd4 Bxd4
23.Rxd4 Qc7 24.c4 R5f7 25.b3 Nf5 26.Rd2 Kh8 27.Be4 Nh6 28.f3 Ng4 29.Re1 Nf6
30.f4 Qc5+ 31.Qf2 Qc7 32.Bf3 Kg8 33.Qd4 Ne8 34.Qe5 Qc8 35.Bg4 Qc6 36.Bh3 Nf6
37.Rd6 Qf3 38.Bg2 Qg4 39.Red1 Rg7 40.R6d3 g5 41.Bf3 Qf5 42.Qxf5 exf5 43.fxg5 Rxg5
44.Rd4 Re8 45.Bg2 Re5 46.Rd6 Kf7 47.b4 h5 48.Bd5+ Ke7 49.Bg2 Rg8 50.a4 h4
51.R1d3 f4  0-1

[Event "48th TCh-SCG"]
[Site "Herceg Novi SCG"]
[Date "2005.05.15"]
[Round "1"]
[White "Simonovic,A"]
[Black "Adzic,M"]
[Result "1-0"]
[WhiteElo "2408"]
[BlackElo "2246"]

1.e4 c5 2.Nf3 Nc6 3.Bb5 d6 4.O-O e5 5.c3 Bd7 6.d4 Nge7 7.dxc5 dxc5 8.Nbd2 a6
9.Nc4 Ng6 10.Bxc6 Bxc6 11.Nfxe5 Bb5 12.Qb3 Nxe5 13.Nxe5 c4 14.Qc2 Bd6 15.Nf3 Qc7
16.Re1 O-O 17.e5 Be7 18.Nd4 Bd7 19.Bf4 Qb6 20.Re3 Bc5 21.Rg3 Rfe8 22.Qd2 g6
23.Re1 Rac8 24.h4 h5 25.Bg5 Bf8 26.Bf6 Kh7 27.Nf3 Bg4 28.Ng5+ Kg8 29.Rxg4 hxg4
30.e6 Rxe6 31.Rxe6 fxe6 32.Qc2 Rc7 33.Qxg6+  1-0

[Event "48th TCh-SCG"]
[Site "Herceg Novi SCG"]
[Date "2005.05.15"]
[Round "1"]
[White "Mincic,S"]
[Black "Vuckovic,Bo"]
[Result "1/2-1/2"]
[WhiteElo "2316"]
[BlackElo "2529"]

1.e4 c5 2.Nf3 Nc6 3.Bb5 d6 4.d4 cxd4 5.Qxd4 Bd7 6.Bxc6 Bxc6 7.Nc3 Nf6 8.Bg5 e6
9.O-O-O Be7 10.Qd3 Qa5 11.h4 h6 12.Bxf6 Bxf6 13.Nd4 O-O 14.f4 h5 15.Rhf1 Rac8
16.f5 Qe5 17.Kb1 d5 18.fxe6 fxe6 19.Nxe6 dxe4 20.Qc4 Bb5 21.Qxe4 Bxf1 22.Nxf8 Qxe4
23.Nxe4 Rxf8 24.Rxf1 Bxh4 25.Rxf8+ Kxf8 26.c4 Be7 27.Kc2 Kf7 28.Kd3 Ke6 29.Kd4 h4
30.c5 Bf6+ 31.Nxf6 Kxf6 32.Ke4 g5 33.b4 g4 34.b5 Ke6 35.b6 axb6 36.cxb6 Kd6
37.Kf4 h3 38.gxh3 gxh3 39.Kg3 Kc5 40.Kxh3 Kxb6 41.Kg4 Kc5 42.Kf5 Kb4 43.Ke5 Ka3
44.Kd4 Kxa2 45.Kc5  1/2-1/2

[Event "1st Rapid Open"]
[Site "Livry Gargan BEL"]
[Date "2005.05.15"]
[Round "6"]
[White "Fedorchuk,S"]
[Black "David,Alb"]
[Result "0-1"]
[WhiteElo "2577"]
[BlackElo "2579"]

1.e4 c5 2.Nf3 Nc6 3.Bb5 g6 4.Bxc6 dxc6 5.d3 Bg7 6.h3 Nf6 7.Nc3 Nd7 8.Be3 e5
9.Qd2 h6 10.O-O Qe7 11.Nh2 Nf8 12.f4 exf4 13.Rxf4 Be6 14.Rf2 O-O-O 15.a4 Nd7
16.a5 g5 17.Na4 Qd6 18.Rb1 Ba2 19.Re1 Be6 20.Rff1 Rhf8 21.Nf3 f5 22.exf5 Rxf5
23.Nc3 Bd5 24.Nxd5 Rxd5 25.Qc1 Ne5 26.Nd2 Qg6 27.Ne4 g4 28.h4 Nf3+ 29.gxf3 gxf3+
30.Ng5 hxg5 31.Rxf3 gxh4+ 32.Kh1 Qg4 33.Qd1 Rf5 34.Ref1 Be5 35.Qe2 h3 36.Qf2 Bg3
37.Qg1 Rxf3  0-1

[Event "ch-UKR sf"]
[Site "Alushta UKR"]
[Date "2005.05.16"]
[Round "1"]
[White "Kruglyakov,P"]
[Black "Stets,V"]
[Result "1-0"]
[WhiteElo "2219"]
[BlackElo "2400"]

1.e4 c5 2.Nf3 Nc6 3.Bb5 d6 4.O-O Bd7 5.Re1 e5 6.c3 a6 7.Bxc6 Bxc6 8.d4 Qc7
9.Nbd2 b5 10.a4 Rb8 11.axb5 axb5 12.b4 c4 13.Nf1 Nf6 14.d5 Bd7 15.Ng3 g6
16.Re2 Bg7 17.Rea2 O-O 18.h3 Rfc8 19.Be3 Rb7 20.Nh2 Rf8 21.Qd2 Ne8 22.f4 f5
23.exf5 Bxf5 24.Nxf5 Rxf5 25.fxe5 Bxe5 26.Ng4 Bg7 27.Ra8 Rf8 28.Bg5 Rb8 29.R8a7 Rb7
30.Qe3 h5 31.Qe6+ Kh7 32.Ra8 hxg4 33.Rxe8 Rxe8 34.Qxe8 Bxc3 35.Rf1 gxh3 36.Rf4 Qb6+
37.Kh1 hxg2+ 38.Kxg2 Be1 39.Rf7+  1-0

[Event "ch-UKR sf"]
[Site "Alushta UKR"]
[Date "2005.05.16"]
[Round "1"]
[White "Ljukin,S"]
[Black "Matjushin,O"]
[Result "1-0"]
[WhiteElo "2362"]
[BlackElo "2189"]

1.e4 c5 2.Nf3 Nc6 3.Bb5 g6 4.Bxc6 bxc6 5.O-O d6 6.c3 Bg7 7.Re1 e5 8.d4 cxd4
9.cxd4 Ne7 10.dxe5 dxe5 11.Qxd8+ Kxd8 12.Nbd2 f6 13.Nb3 Ke8 14.Be3 Kf7 15.Nc5 Rd8
16.Red1 Bg4 17.h3 Rxd1+ 18.Rxd1 Be6 19.Rd6 Bc8 20.Nd2 Ke8 21.Nc4 Rb8 22.Rd3 a6
23.Nd6+ Kf8 24.Nxc8 Rxc8 25.Ne6+ Kf7 26.Nxg7 Rc7 27.Ra3 Kxg7 28.Rxa6 Nc8
29.Bc5 Kf7 30.f3 Ke6 31.b4 Kd7 32.Ra3 Rb7 33.Rd3+ Kc7 34.a3 Rb8 35.Bf8 f5
36.a4 fxe4 37.fxe4 Kb6 38.Bc5+ Ka6 39.Rd8 h5 40.h4 Ra8 41.Rg8 Nb6 42.Rxg6 Nxa4
43.Rxc6+ Kb5 44.Re6 Kc4 45.Rxe5 Rh8 46.Rg5 Nc3 47.e5 Kd5 48.Bd6 Ne4 49.Rg6 Ra8
50.Kh2 Ra2 51.Rh6 Nd2 52.Rxh5 Nf1+ 53.Kg1 Ng3 54.Rg5 Ra1+ 55.Kh2 Ne4 56.Rg8 Rb1
57.Rf8 Kc6 58.h5 Nxd6 59.exd6 Rxb4 60.Kh3 Kxd6 61.Re8 Kd7 62.Re3 Rb1 63.g4  1-0

[Event "Victory Cup"]
[Site "Alushta UKR"]
[Date "2005.05.17"]
[Round "6"]
[White "Shtyrenkov,V"]
[Black "Zinchenko,Ya"]
[Result "0-1"]
[WhiteElo "2447"]
[BlackElo "2460"]

1.e4 c5 2.Nf3 Nc6 3.Bb5 e6 4.O-O Nge7 5.Re1 Nd4 6.Nxd4 cxd4 7.Bf1 Nc6 8.c3 g6
9.Na3 Bg7 10.Nc2 d5 11.exd5 Qxd5 12.c4 Qd7 13.d3 a5 14.b3 O-O 15.a3 b6 16.b4 Bb7
17.b5 Nd8 18.a4 e5 19.c5 bxc5 20.Na3 Bd5 21.Bd2 Qe6 22.Rc1 Bb3 23.Qf3 Rc8
24.g3 Bxa4 25.Bxa5 Qb3 26.Ra1 Bxb5 27.Nc4 Bxc4 28.Reb1 e4 29.Qxe4 Bxd3 30.Bxd3 Qe6
31.Qxe6 Nxe6 32.Bc4 Ng5 33.Bb6 Nf3+ 34.Kg2 Nd2 35.Rc1 Nxc4 36.Rxc4 Rc6  0-1

[Event "FSGM May"]
[Site "Budapest HUN"]
[Date "2005.05.17"]
[Round "11"]
[White "Chernyshov,K"]
[Black "Gonda,L"]
[Result "1-0"]
[WhiteElo "2531"]
[BlackElo "2416"]

1.e4 c5 2.Nf3 Nc6 3.Bb5 e6 4.O-O Nge7 5.b3 a6 6.Bxc6 Nxc6 7.Bb2 b5 8.a4 b4
9.d3 d6 10.Nfd2 f6 11.f4 Be7 12.Qh5+ g6 13.Qh6 Bf8 14.Qh4 Be7 15.f5 gxf5
16.Qh5+ Kd7 17.exf5 e5 18.Nc4 Na5 19.Ne3 Bb7 20.Nd2 d5 21.c3 Qg8 22.cxb4 Nc6
23.bxc5 Bxc5 24.Rf3 Qe8 25.Qh4 Qf7 26.Kh1 h5 27.Rc1 Bd4 28.Rxc6 Bxc6 29.Bxd4 exd4
30.Qxd4 Ke8 31.Nef1 Rc8 32.Re3+ Kf8 33.Qb4+ Kg8 34.Re6 Rc7 35.Qb6  1-0

[Event "48th TCh-SCG"]
[Site "Herceg Novi SCG"]
[Date "2005.05.17"]
[Round "3"]
[White "Fontaine,R"]
[Black "Damljanovic,B"]
[Result "1/2-1/2"]
[WhiteElo "2539"]
[BlackElo "2588"]

1.e4 c5 2.Nf3 Nc6 3.Bb5 e6 4.O-O Nge7 5.Nc3 a6 6.Bxc6 Nxc6 7.d4 cxd4 8.Nxd4 d6
9.Re1 Be7 10.Nxc6 bxc6 11.Qg4 g6 12.e5 d5 13.Bh6 Rb8 14.Rad1 Bd7 15.b3 Rb4
16.Qf3 Rh4 17.Bg7 Rg8 18.Bf6 g5 19.Bxe7 Qxe7 20.Qe3 Rg6 21.g3 Rh3 22.Na4 Rgh6
23.Nb6 Rxh2 24.Nxd7 g4 25.Kf1 Qxd7 26.Rd4 Rg6 27.Kg1 Rh5 28.Qe2 Qc7 29.Qxa6 Rgh6
30.Rxg4 Rh1+ 31.Kg2 R6h2+ 32.Kf3 Rxe1 33.Qa8+ Ke7 34.Rg8 Rxe5 35.Qf8+ Kf6
36.Qg7+ Ke7 37.Qf8+ Kf6 38.Qg7+  1/2-1/2

[Event "48th TCh-SCG"]
[Site "Herceg Novi SCG"]
[Date "2005.05.18"]
[Round "4"]
[White "Sedlak,N"]
[Black "Kontic,D"]
[Result "1/2-1/2"]
[WhiteElo "2514"]
[BlackElo "2337"]

1.e4 c5 2.Nf3 Nc6 3.Bb5 e6 4.Bxc6 bxc6 5.d3 d6 6.e5 Ne7 7.Nc3 Ng6 8.Qe2 dxe5
9.Nxe5 Bd6 10.Nc4 f5 11.h4 O-O 12.Bg5 Qc7 13.Nxd6 Qxd6 14.h5 Nh8 15.h6 g6
16.Be3 c4 17.dxc4 e5 18.Qd3 Qf6 19.O-O-O Be6 20.Bc5 Rfd8 21.Qe2 Nf7 22.Rxd8+ Rxd8
23.Kb1 a6 24.f3 Qg5 25.Be3 Qe7 26.Na4 f4 27.Bb6 Rb8 28.c5 Qg5 29.Nc3 Bf5
30.b4 Nxh6 31.Ne4 Bxe4 32.Qxe4 Nf7 33.Qxc6 Qxg2 34.Rd1 Qe2 35.Qd5 e4 36.fxe4 f3
37.Qd3 Ne5 38.Qxe2 fxe2 39.Re1 Nc4 40.Rxe2 Nxb6 41.cxb6 Rxb6 42.a3 g5 43.c4 g4
44.c5 Rg6 45.Rc2 Kf7 46.c6 h5 47.c7 Rg8 48.a4 g3 49.b5 axb5 50.axb5 h4 51.b6 h3
52.b7 g2 53.b8=Q g1=Q+ 54.Ka2 h2 55.Qb3+ Ke7 56.Qa3+ Kf7 57.Qb3+ Ke7 58.Qa3+ Kf7  1/2-1/2

[Event "48th TCh-SCG"]
[Site "Herceg Novi SCG"]
[Date "2005.05.18"]
[Round "4"]
[White "Stojanovic,Da"]
[Black "Nikac,P"]
[Result "1/2-1/2"]
[WhiteElo "2452"]
[BlackElo "2361"]

1.e4 c5 2.Nf3 Nc6 3.Bb5 g6 4.O-O Bg7 5.Re1 Nd4 6.Nxd4 cxd4 7.c3 e6 8.Na3 Ne7
9.Nc2 a6 10.Ba4 b5 11.Bb3 Nc6 12.a4 Rb8 13.axb5 axb5 14.cxd4 Nxd4 15.Nxd4 Bxd4
16.d3 O-O 17.Bf4 d6 18.Qd2 Qb6 19.Be3 Bb7 20.Qb4 Bxe3 21.fxe3 Ra8 22.Qd4 Qxd4
23.exd4 Kg7 24.Kf2 Kf6 25.Ke3 Ke7 26.Kd2 Kd7 27.Kc3 Rxa1 28.Rxa1 f5 29.exf5 gxf5
30.g3 e5 31.Re1 exd4+ 32.Kxd4 f4 33.g4 Re8 34.Rxe8 Kxe8 35.Bg8 h6 36.Bh7 Bf3
37.h3 Ke7 38.Be4 Be2 39.Kc3 Bf1 40.h4 Be2 41.g5 hxg5 42.hxg5 Ke6 43.Kd4 b4
44.Bh7 Bf3 45.Bg6 Bg2  1/2-1/2

[Event "Victory Cup"]
[Site "Alushta UKR"]
[Date "2005.05.19"]
[Round "8"]
[White "Hasangatin,R"]
[Black "Sharma,D"]
[Result "1-0"]
[WhiteElo "2416"]
[BlackElo "2381"]

1.e4 c5 2.Nf3 Nc6 3.Bb5 g6 4.O-O Bg7 5.c3 Nf6 6.Qa4 Qb6 7.Re1 O-O 8.d4 cxd4
9.cxd4 d5 10.e5 Ne4 11.Bxc6 bxc6 12.Nbd2 Nxd2 13.Nxd2 c5 14.dxc5 Qxc5 15.Qh4 Bf5
16.Nb3 Qc7 17.Bh6 Qc4 18.Qg5 Qg4 19.Qxg4 Bxg4 20.Bxg7 Kxg7 21.f3 Bf5 22.Rac1 Rfc8
23.Kf2 f6 24.Nd4 fxe5 25.Rxc8 Bxc8 26.Rxe5 e6 27.f4 Kf6 28.Ke3 Bd7 29.Kd2 Rb8
30.b3 Rc8 31.Re3 Rc7 32.g4 h5 33.gxh5 gxh5 34.Re5 Rc8 35.Rxh5 Be8 36.Rh8 a6
37.Rf8+ Ke7 38.Rg8 Kf7 39.Rg3 Kf6 40.Rc3 Rd8 41.Rc7 Bf7 42.Ra7 Rh8 43.Rxa6 Rh4
44.Ke3 Rh3+ 45.Kd2 Rh4 46.b4 Rxf4 47.Kc3 Ke5 48.Nc6+ Ke4 49.b5 Rf3+ 50.Kb4 d4
51.b6 Rf2 52.Ra3 d3 53.b7 Rb2+ 54.Rb3 d2 55.Rxb2  1-0

[Event "48th TCh-SCG"]
[Site "Herceg Novi SCG"]
[Date "2005.05.19"]
[Round "5"]
[White "Popovic,Du"]
[Black "Vuckovic,Bo"]
[Result "1-0"]
[WhiteElo "2471"]
[BlackElo "2529"]

1.e4 c5 2.Nf3 Nc6 3.Bb5 d6 4.O-O Bd7 5.Re1 Nf6 6.c3 a6 7.Bf1 Bg4 8.d3 e6
9.Nbd2 Be7 10.h3 Bh5 11.g4 Bg6 12.Nh4 Nd7 13.Ng2 O-O 14.f4 h6 15.Nf3 Bh7
16.Qe2 Qc7 17.Qf2 Rae8 18.f5 Nde5 19.Bf4 Nxf3+ 20.Qxf3 b5 21.a3 Qb7 22.Qg3 Rd8
23.Rad1 a5 24.Bc1 Bf6 25.h4 b4 26.axb4 axb4 27.c4 Be5 28.Qh3 Kh8 29.Nf4 Qe7
30.Kh1 g6 31.Bg2 Nd4 32.Rf1 Rg8 33.Rf2 exf5 34.exf5 gxf5 35.g5 hxg5 36.hxg5 Qxg5
37.Ne6 Qf6 38.Nxd8 Qxd8 39.Bf4 Rg4 40.Bxe5+ dxe5 41.Kg1 Qg5 42.Re1 Rg3 43.Qh2 f4
44.Kh1 Kg7 45.Rg1 Bxd3 46.Bd5 Rxg1+ 47.Qxg1 Qxg1+ 48.Kxg1 e4 49.Rg2+ Kf6
50.Rg4 Ne2+ 51.Kf2 e3+ 52.Kg2 Ke5 53.Rg8 f5 54.Re8+ Kd4 55.Kf3 Nc1 56.Kxf4 e2
57.Rd8 Bxc4 58.Bf7+  1-0

[Event "48th TCh-SCG"]
[Site "Herceg Novi SCG"]
[Date "2005.05.19"]
[Round "5"]
[White "Mincic,S"]
[Black "Pap,M"]
[Result "0-1"]
[WhiteElo "2316"]
[BlackElo "2375"]

1.e4 c5 2.Nf3 Nc6 3.Bb5 g6 4.O-O Bg7 5.Re1 e5 6.c3 Nge7 7.d3 O-O 8.Be3 d6
9.d4 exd4 10.cxd4 Qb6 11.dxc5 Qxb5 12.cxd6 Qxb2 13.dxe7 Re8 14.e5 Qxa1 15.Qd2 Nxe5
16.Ng5 Nc4 17.Qd5 Be6 18.Nxe6 Nxe3 19.fxe3 fxe6 20.Qxb7  0-1

[Event "HB Global CC"]
[Site "Minneapolis USA"]
[Date "2005.05.19"]
[Round "3"]
[White "Stein,Alex"]
[Black "Moiseenko,A"]
[Result "1-0"]
[WhiteElo "2362"]
[BlackElo "2665"]

1.e4 c5 2.Nf3 Nc6 3.Bb5 e6 4.O-O Nge7 5.c3 a6 6.Ba4 c4 7.d4 cxd3 8.Qxd3 b5
9.Bc2 Ng6 10.Nbd2 Be7 11.Nb3 Bb7 12.Rd1 d6 13.a4 bxa4 14.Rxa4 O-O 15.Nfd4 Qc7
16.Qe2 Nxd4 17.Nxd4 Rfd8 18.Rc4 Qb8 19.Nc6 Bxc6 20.Rxc6 Qb7 21.Rc4 a5 22.Ra4 h6
23.Qh5 Bg5 24.Bxg5 hxg5 25.e5 dxe5 26.Rxd8+ Rxd8 27.Qxg5 Qd5 28.g3 Rb8 29.b3 Rf8
30.h4 e4 31.Rxa5 Qc6 32.c4 Rc8 33.h5 Nf8 34.Ra7 Nh7 35.Qe5 Nf6 36.h6 Qc5
37.Qxc5 Rxc5 38.Ra8+ Kh7 39.hxg7 Kxg7 40.Ra1 Rc7 41.Kf1 Rb7 42.Ra3 Kf8 43.Ke2 Ke7
44.Kd2 Rd7+ 45.Kc3 Ng4 46.Bxe4 Nxf2 47.Bc2 e5 48.Ra5 Kf6 49.b4 e4 50.g4 Nxg4
51.Bxe4 Ne3 52.b5 Rc7 53.Bc6  1-0

[Event "Chigorin CC"]
[Site "St Petersburg RUS"]
[Date "2005.05.19"]
[Round "4"]
[White "Vorobiov,D"]
[Black "Fedoseev,S"]
[Result "0-1"]
[WhiteElo "2099"]
[BlackElo "2302"]

1.e4 c5 2.Nf3 Nc6 3.Bb5 g6 4.O-O Bg7 5.c3 Nf6 6.Re1 O-O 7.d4 d5 8.exd5 Qxd5
9.c4 Qd8 10.d5 Na5 11.Qe2 a6 12.Ba4 b5 13.cxb5 axb5 14.Bxb5 Nb3 15.axb3 Rxa1
16.Na3 Bg4 17.Rd1 Nxd5 18.h3 Bxf3 19.Qxf3 e6 20.Nc2 Ra5 21.Bc4 Qf6 22.Bxd5 exd5
23.Qxd5 Raa8 24.Bg5 Qxb2 25.Ne3 Qe5 26.Qxe5 Bxe5 27.Be7 Rfb8 28.Bxc5 Rxb3
29.Ng4 Ra1 30.Rxa1 Bxa1 31.Ne3 Rb1+ 32.Kh2 Rc1 33.Bd6 Bd4 34.Bf4 Bxe3 35.Bxe3 Rc2
36.h4 f6 37.Kg3 Kf7 38.Kf3 h5 39.g3 Ke6 40.Ke4 Rc4+ 41.Kf3 Kf5 42.Bf4 Rc3+
43.Be3 Ra3 44.Kg2 Kg4 45.Bd4 Rf3 46.Be3 Rf5 47.Bd4 g5 48.hxg5 fxg5 49.Be3 h4
50.gxh4 gxh4 51.Bb6 h3+ 52.Kg1 Rb5 53.Bc7 Rb2 54.Be5 Re2 55.Bd6 Kf3 56.Kh2 Rxf2+
57.Kxh3 Rd2 58.Bb4 Rc2 59.Ba3 Ra2 60.Bc5 Rb2 61.Ba3 Rb3  0-1